000 00524nam a22001577a 4500
003 OSt
005 20250728035251.0
008 250728b |||||||| |||| 00| 0 eng d
020 _a978-971-95940-9-3
040 _aDWC-Main Lib
_cOC
082 _aFil. 657.044 G216i 2023
245 _aIntermediate accounting 3 part 3 :
_bbased on PFRSs, PASs, and Philippines GAAP/
260 _aManila, Philippines :
_bReal Excellence Pubishing,
_cc2023.
300 _a562 pages :
_billustrations ;
_c23cm.
942 _2ddc
_cBK - FIL
_kFil.
_n0
999 _c3846
_d3846